A magyar értelmiség politikai szerepvállalása

Elmentve itt :
Bibliográfiai részletek
Szerző: Kulcsár Kálmán
További közreműködők: Bernáth Csaba
Dokumentumtípus: Cikk
Megjelent: 1995
Sorozat:Tiszatáj 49 No. 9
Kulcsszavak:Magyar irodalom - esszé
Online Access:http://tiszataj.bibl.u-szeged.hu/16005
LEADER 00632nab a2200193 i 4500
001 tisza16005
005 20200330153749.0
008 161124s1995 hu o 0|| hun d
022 |a 0133-1167 
040 |a SZTE Tiszatáj Archívum  |b hun 
041 |a hun 
100 1 |a Kulcsár Kálmán 
245 1 2 |a A magyar értelmiség politikai szerepvállalása  |h [elektronikus dokumentum] /  |c  Kulcsár Kálmán 
260 |c 1995 
300 |a 35-45 
490 0 |a Tiszatáj  |v 49 No. 9 
695 |a Magyar irodalom - esszé 
700 0 1 |a Bernáth Csaba 
856 4 0 |u http://tiszataj.bibl.u-szeged.hu/16005/1/tiszataj_1995_009_035-045.pdf  |z Dokumentum-elérés